Statystyki dla Państwa, przez które przebiega trasa europejska E75.

Kliknij tutaj aby rozwiązać quiz!

Ogólne statystyki

  • Ten quiz został rozwiązany 26 razy
  • Średni wynik to 8 z 9

Statystyki odpowiedzi

Odpowiedź% Poprawnych
4.Czechy
100%
3.Polska
100%
5.Słowacja
96%
7.Serbia
88%
6.Węgry
88%
9.Grecja
85%
2.Finlandia
81%
8.Macedonia Północna
81%
1.Norwegia
77%

Rozkład punktacji

Percentyl według liczby udzielonych odpowiedzi

Procent ludzi z każdym wynikiem

Twoja historia wyników

Nie rozwiązałeś tego quizu